000 00635nam a2200181 4500
001 121728
003 ES-MaACL
005 20230906191817.0
007 t|
008 070214s1961 sp r ||||1| spa d
100 1 _aPortilla, Micaela.
_993247
245 1 3 _aEl relicario de la Virgen del Cabello en el Monasterio de Quejana /
_cpor Micaela Portilla.
260 _aVitoria :
_b[s.n.],
_c1961 (
_fImp. Montepío Diocesano)
300 _a9 h., 2 lám. ;
_c24 cm.
500 _aPrecede al Tit : Diputación Foral de Alava. Consejo de Cultura.
710 1 _aÁlava.
_bConsejo de Cultura.
_91309
852 _aES-MaACL
_j2014-F-20
_bR.48167
999 _c121728
_d121728